[Event "ZI-2018-0-02490"]
[Site "LSS email"]
[Date "2018.09.07"]
[Round "?"]
[White "Acarer, Demir"]
[Black "Stancl, Vladimir"]
[Result "1/2-1/2"]
[WhiteElo "1824"]
[BlackElo "2068"]
[PlyCount "84"]
[EventDate "2018.09.06"]
[EventType "match (corr)"]
[EventRounds "2"]
[EventCountry "GER"]
[SourceTitle "Corr 2022"]
[Source "ChessBase"]
[SourceDate "2021.10.24"]
[SourceVersion "1"]
[SourceVersionDate "2021.10.24"]
[SourceQuality "1"]

1. e4 e6 2. d4 d5 3. Nc3 Nf6 4. Bg5 Be7 5. e5 Nfd7 6. h4 h6 7. Be3 c5 8. Qg4 Kf8 9. f4 Nc6 10. Nf3 Qa5 11. Be2 Nb6 12. 0-0 Qb4 13. Rfb1 Nc4 14. Bxc4 Qxc4 15. Rd1 cxd4 16. Nxd4 Kg8 17. Qg3 Kh7 18. Bf2 Nxd4 19. Rxd4 Qc6 20. Rad1 g6 21. h5 Rg8 22. Qd3 Bc5 23. Ra4 Be7 24. b3 a6 25. hxg6+ fxg6 26. Ne2 Bd7 27. Qd2 Qc7 28. Rd4 Bb5 29. c4 dxc4 30. bxc4 Ba4 31. Rb1 Bc6 32. Rd3 b5 33. cxb5 axb5 34. Nd4 Be4 35. Rc3 Qd7 36. Rxb5 Ra4 37. Rh3 Bxg2 38. Kxg2 Rxd4 39. Qxd4 Qxb5 40. Qe4 Qb2 41. Qc4 Qb7+ 42. Kh2 Qb4 1/2-1/2

[Event "ZI-2018-0-02490"]
[Site "LSS email"]
[Date "2018.09.07"]
[Round "?"]
[White "Stancl, Vladimir"]
[Black "Acarer, Demir"]
[Result "1-0"]
[WhiteElo "2068"]
[BlackElo "1824"]
[PlyCount "101"]
[EventDate "2018.09.06"]
[EventType "match (corr)"]
[EventRounds "2"]
[EventCountry "GER"]
[SourceTitle "Corr 2022"]
[Source "ChessBase"]
[SourceDate "2021.10.24"]
[SourceVersion "1"]
[SourceVersionDate "2021.10.24"]
[SourceQuality "1"]

1. d4 d5 2. Nf3 Nf6 3. c4 e6 4. Nc3 Be7 5. Bf4 0-0 6. Qc2 c5 7. dxc5 Qa5 8. e3 Qxc5 9. cxd5 Nxd5 10. Bd3 Nxc3 11. bxc3 Bf6 12. Nd2 Qxc3 13. Bxh7+ Kh8 14. Rd1 g6 15. Bxg6 fxg6 16. Qxg6 Bg7 17. 0-0 Qf6 18. Qh5+ Kg8 19. Bd6 Qf5 20. Qh4 Re8 21. f4 Nc6 22. e4 Qf6 23. Qh5 Qf7 24. Qg4 b6 25. Nf3 e5 26. f5 Ba6 27. Rf2 Rad8 28. h4 Qf6 29. Ng5 Bc4 30. Rc1 b5 31. Bc5 Nd4 32. Bxa7 Ra8 33. Bc5 Red8 34. Kh2 Rdc8 35. Bb4 Ra7 36. Rc3 Bh6 37. Rg3 Kh8 38. Qh5 Rg7 39. Bc3 Rc6 40. a4 Bf7 41. Qg4 Be8 42. Bxd4 exd4 43. axb5 Rd6 44. Ra2 Bxg5 45. hxg5 Qe5 46. g6 d3 47. Qg5 Kg8 48. Ra8 Re7 49. Qh4 Qh8 50. Qxh8+ Kxh8 51. Rxd3 1-0

[Event "ZI-2018-0-02462"]
[Site "LSS email"]
[Date "2018.07.21"]
[Round "?"]
[White "Mavreas, Dimitrios"]
[Black "Acarer, Demir"]
[Result "0-1"]
[WhiteElo "1985"]
[BlackElo "1818"]
[PlyCount "22"]
[EventDate "2018.06.24"]
[EventType "match (corr)"]
[EventRounds "2"]
[EventCountry "GER"]
[SourceTitle "Corr 2022"]
[Source "ChessBase"]
[SourceDate "2021.10.24"]
[SourceVersion "1"]
[SourceVersionDate "2021.10.24"]
[SourceQuality "1"]

1. Nf3 Nf6 2. c4 e6 3. g3 d5 4. Bg2 d4 5. d3 c5 6. 0-0 Nc6 7. e3 Bd6 8. a3 a5 9. exd4 cxd4 10. Bg5 h6 11. Bxf6 Qxf6 0-1

[Event "OP-2018-0-04590"]
[Site "LSS email"]
[Date "2018.05.22"]
[Round "?"]
[White "Acarer, Demir"]
[Black "Owens, Johnny"]
[Result "1/2-1/2"]
[WhiteElo "1820"]
[BlackElo "1538"]
[PlyCount "84"]
[EventDate "2018.05.13"]
[EventType "tourn (corr)"]
[EventRounds "4"]
[EventCountry "GER"]
[SourceTitle "Corr 2022"]
[Source "ChessBase"]
[SourceDate "2021.10.24"]
[SourceVersion "1"]
[SourceVersionDate "2021.10.24"]
[SourceQuality "1"]

1. e4 e6 2. d4 d5 3. Nc3 dxe4 4. Nxe4 Nd7 5. Nf3 Ngf6 6. Bd3 c5 7. Nxf6+ Nxf6 8. Be3 Qc7 9. Qe2 a6 10. 0-0 b6 11. c4 Be7 12. dxc5 Bxc5 13. Bxc5 Qxc5 14. a3 Bb7 15. Ne5 a5 16. b4 axb4 17. axb4 Qxb4 18. Rab1 Qd6 19. Qe3 Ra5 20. Rxb6 Qxe5 21. Qxe5 Rxe5 22. Rxb7 0-0 23. Ra1 g6 24. Bf1 Rd8 25. f3 Ne8 26. Rb5 Re3 27. Rc1 Ra3 28. c5 Rc8 29. Rb7 Kf8 30. c6 Nc7 31. Bc4 Ra5 32. Bd3 h5 33. Kf2 Ra2+ 34. Be2 g5 35. g3 Nd5 36. Ke1 h4 37. gxh4 gxh4 38. h3 Ra3 39. Kd2 Kg7 40. c7 Kf6 41. Rc6 Ra2+ 42. Ke1 Ra1+ 1/2-1/2

[Event "OP-2018-0-04590"]
[Site "LSS email"]
[Date "2018.05.22"]
[Round "?"]
[White "Acarer, Demir"]
[Black "Paluch, Andrzej"]
[Result "1/2-1/2"]
[WhiteElo "1820"]
[BlackElo "1918"]
[PlyCount "138"]
[EventDate "2018.05.13"]
[EventType "tourn (corr)"]
[EventRounds "4"]
[EventCountry "GER"]
[SourceTitle "Corr 2022"]
[Source "ChessBase"]
[SourceDate "2021.10.24"]
[SourceVersion "1"]
[SourceVersionDate "2021.10.24"]
[SourceQuality "1"]

1. e4 c5 2. Nf3 Nc6 3. Bb5 a6 4. Bxc6 dxc6 5. 0-0 g6 6. h3 Nf6 7. d3 Bg7 8. Nc3 0-0 9. Bf4 Nd7 10. e5 Nb6 11. Qc1 Nd5 12. Bh6 Nxc3 13. bxc3 c4 14. dxc4 c5 15. Re1 Bf5 16. Rb1 b6 17. Nh4 Bc8 18. Qf4 Qc7 19. Nf3 Bf5 20. Re2 Qc6 21. Rbe1 Ra7 22. Qh4 f6 23. Bxg7 Kxg7 24. Qf4 Qc7 25. Rd2 a5 26. a3 Rb7 27. Ree2 Bc8 28. exf6+ exf6 29. Rd6 h6 30. Nd2 Bf5 31. Nf1 Rd8 32. Red2 g5 33. Qg3 Rxd6 34. Rxd6 Kf7 35. Ne3 Be6 36. Qf3 Qxd6 37. Qxb7+ Kg6 38. g4 Bd7 39. Qe4+ Kg7 40. Qb7 Qe6 41. Nd5 Kg6 42. Kf1 Qd6 43. Qxb6 Qxb6 44. Nxb6 Bc6 45. Nc8 Kf7 46. Nd6+ Ke6 47. Nf5 Be4 48. Nxh6 Ke5 49. Ke2 Kf4 50. Nf7 Bg2 51. Nd8 Bxh3 52. Ne6+ Ke5 53. Nxc5 Bxg4+ 54. Ke3 Bf5 55. Nb3 Bxc2 56. Nxa5 Ba4 57. c5 Kd5 58. c6 f5 59. Kd3 f4 60. c4+ Kc5 61. c7 Bd7 62. Nb3+ Kc6 63. Nd4+ Kxc7 64. c5 g4 65. Ke4 g3 66. fxg3 fxg3 67. Kf3 Kb7 68. Kxg3 Ka6 69. Kf4 Ka5 1/2-1/2

[Event "RC-2017-0-00214"]
[Site "LSS email"]
[Date "2017.11.17"]
[Round "?"]
[White "Acarer, Demir"]
[Black "Laffont, Jose Eduardo Alfred"]
[Result "1/2-1/2"]
[WhiteElo "1737"]
[BlackElo "1863"]
[PlyCount "124"]
[EventDate "2017.08.01"]
[EventType "tourn (corr)"]
[EventRounds "6"]
[EventCountry "GER"]
[SourceTitle "Corr 2022"]
[Source "ChessBase"]
[SourceDate "2021.10.24"]
[SourceVersion "1"]
[SourceVersionDate "2021.10.24"]
[SourceQuality "1"]

1. e4 c5 2. Nf3 e6 3. Nc3 Nc6 4. Be2 Nf6 5. 0-0 e5 6. Bc4 Be7 7. d3 0-0 8. Bg5 d6 9. Bxf6 Bxf6 10. Nd5 Be6 11. c3 Rb8 12. a4 Bg5 13. Nxg5 Qxg5 14. Re1 h5 15. Nc7 Bd7 16. Qc1 Qxc1 17. Rexc1 Ne7 18. Nb5 Nc8 19. Nc7 Ne7 20. Nb5 Nc8 21. b4 Rd8 22. f3 g6 23. Nc7 Nb6 24. a5 Nxc4 25. dxc4 Rbc8 26. Nd5 Kg7 27. Rcb1 cxb4 28. Rxb4 Bc6 29. Ne7 Rc7 30. Nxc6 bxc6 31. a6 Kf6 32. Rb7 Rcd7 33. Rab1 Ke6 34. Rxd7 Rxd7 35. Rb7 f6 36. h4 Ke7 37. Kf2 c5 38. g4 Kd8 39. Rb8+ Ke7 40. Rh8 Ke6 41. gxh5 gxh5 42. Rxh5 Rc7 43. Rh8 Rc6 44. h5 Rxa6 45. Re8+ Kf7 46. Rd8 Ra2+ 47. Kg3 Ra1 48. Rxd6 Rg1+ 49. Kf2 Rg5 50. Rd7+ Ke6 51. Rh7 a5 52. Ke3 a4 53. Rh8 a3 54. h6 Rh5 55. h7 a2 56. Ra8 Rxh7 57. Rxa2 Rh4 58. Ra6+ Kf7 59. Rc6 f5 60. Rxc5 fxe4 61. fxe4 Rh3+ 62. Kd2 Rh2+ 1/2-1/2

[Event "RC-2017-0-00214"]
[Site "LSS email"]
[Date "2017.11.13"]
[Round "?"]
[White "Laczay, Istvan"]
[Black "Acarer, Demir"]
[Result "0-1"]
[WhiteElo "1647"]
[BlackElo "1737"]
[PlyCount "82"]
[EventDate "2017.08.01"]
[EventType "tourn (corr)"]
[EventRounds "6"]
[EventCountry "GER"]
[SourceTitle "Corr 2022"]
[Source "ChessBase"]
[SourceDate "2021.10.24"]
[SourceVersion "1"]
[SourceVersionDate "2021.10.24"]
[SourceQuality "1"]

1. d4 d5 2. Nf3 Nf6 3. c4 e6 4. Nc3 Be7 5. cxd5 exd5 6. Qc2 0-0 7. Bg5 h6 8. Bh4 Be6 9. e3 Nbd7 10. Bd3 c6 11. 0-0 Bd6 12. e4 dxe4 13. Nxe4 Be7 14. Rfe1 Nxe4 15. Bxe7 Qxe7 16. Bxe4 Nf6 17. Qc3 Qd6 18. Bc2 Rad8 19. h3 Nd5 20. Qd2 Rfe8 21. a3 Qf4 22. Qd3 Nf6 23. Qc3 g6 24. Re2 Nd5 25. Qa5 Bxh3 26. Re4 Qf6 27. Rae1 Rxe4 28. Bxe4 Be6 29. Qxa7 Qe7 30. Bd3 Kg7 31. Qa5 Nf4 32. Bf1 Qf6 33. Qb6 Bd5 34. Re3 Ne6 35. Ne5 c5 36. dxc5 Bxg2 37. Kxg2 Qg5+ 38. Rg3 Qxe5 39. Re3 Qg5+ 40. Rg3 Qh5 41. Qb4 Rd1 0-1

[Event "RC-2017-0-00212"]
[Site "LSS email"]
[Date "2017.09.22"]
[Round "?"]
[White "Acarer, Demir"]
[Black "Kovar, Petr"]
[Result "1-0"]
[WhiteElo "1720"]
[BlackElo "1792"]
[PlyCount "59"]
[EventDate "2017.05.15"]
[EventType "tourn (corr)"]
[EventRounds "6"]
[EventCountry "GER"]
[SourceTitle "Corr 2022"]
[Source "ChessBase"]
[SourceDate "2021.10.24"]
[SourceVersion "1"]
[SourceVersionDate "2021.10.24"]
[SourceQuality "1"]

1. e4 c5 2. c3 Nf6 3. e5 Nd5 4. d4 cxd4 5. cxd4 e6 6. Nf3 b6 7. Bd3 Ba6 8. 0-0 Bxd3 9. Qxd3 Nc6 10. Bd2 Ndb4 11. Qe4 Nd5 12. Rc1 f5 13. Qd3 Be7 14. a3 0-0 15. Nc3 Nxc3 16. Rxc3 Qc7 17. Re1 Kh8 18. d5 exd5 19. Qxd5 Qd8 20. e6 Bf6 21. exd7 Ne7 22. Qd6 Bxc3 23. bxc3 Ng8 24. Ng5 Nf6 25. Re7 Ne4 26. Qe5 Nf6 27. Nf7+ Rxf7 28. Rxf7 Qb8 29. Qe6 Qd8 30. Bh6 1-0

[Event "RC-2017-0-00212"]
[Site "LSS email"]
[Date "2017.09.22"]
[Round "?"]
[White "Pech, Jaroslav Sr"]
[Black "Acarer, Demir"]
[Result "0-1"]
[WhiteElo "1808"]
[BlackElo "1720"]
[PlyCount "66"]
[EventDate "2017.05.15"]
[EventType "tourn (corr)"]
[EventRounds "6"]
[EventCountry "GER"]
[SourceTitle "Corr 2022"]
[Source "ChessBase"]
[SourceDate "2021.10.24"]
[SourceVersion "1"]
[SourceVersionDate "2021.10.24"]
[SourceQuality "1"]

1. e4 e5 2. Nf3 Nc6 3. Bb5 Nf6 4. 0-0 Be7 5. Re1 d6 6. d4 exd4 7. Nxd4 Bd7 8. Nc3 0-0 9. Bxc6 bxc6 10. Bg5 Re8 11. Qf3 h6 12. Bh4 Nh7 13. Bxe7 Qxe7 14. Rad1 Nf6 15. h3 c5 16. e5 dxe5 17. Nc6 Bxc6 18. Qxc6 Rad8 19. Qa6 Rd4 20. Qxa7 Qd6 21. a4 Qc6 22. Qa5 Rb4 23. Nb5 Nd5 24. Na7 Qa8 25. g3 Nf6 26. Qxc5 Rxb2 27. Rxe5 Rxe5 28. Qxe5 Rxc2 29. Qf5 Re2 30. Qd3 Qe4 31. Qxe4 Nxe4 32. Ra1 Nxf2 33. Kf1 Rb2 0-1

[Event "RC-2017-0-00212"]
[Site "LSS email"]
[Date "2017.09.22"]
[Round "?"]
[White "Richter, Klaus"]
[Black "Acarer, Demir"]
[Result "0-1"]
[WhiteElo "1702"]
[BlackElo "1720"]
[PlyCount "88"]
[EventDate "2017.05.15"]
[EventType "tourn (corr)"]
[EventRounds "6"]
[EventCountry "GER"]
[SourceTitle "Corr 2022"]
[Source "ChessBase"]
[SourceDate "2021.10.24"]
[SourceVersion "1"]
[SourceVersionDate "2021.10.24"]
[SourceQuality "1"]

1. d4 Nf6 2. f3 d5 3. e4 dxe4 4. Nc3 exf3 5. Nxf3 e6 6. Bg5 Be7 7. Bd3 Nc6 8. 0-0 Nxd4 9. Kh1 h6 10. Bxf6 Bxf6 11. Ne4 Nf5 12. Nxf6+ Qxf6 13. Qe2 0-0 14. Qe4 h5 15. Ne5 Qg5 16. Nf3 Qf6 17. Ne5 a5 18. Rae1 a4 19. Qb4 b6 20. Qc3 c5 21. Kg1 a3 22. Rf2 Rd8 23. Be4 Ra4 24. bxa3 Rd6 25. Bd3 Bb7 26. Qb3 Ra8 27. Qb1 Ba6 28. Be4 Rc8 29. Bf3 Qh6 30. Be4 f6 31. Bd3 Bxd3 32. Nxd3 c4 33. Nf4 e5 34. Ne2 Ne3 35. Qc1 f5 36. Ng3 f4 37. Nf1 Nxf1 38. Rfxf1 Rc5 39. Rd1 c3 40. h3 Rf6 41. Rd8+ Kh7 42. Qd1 e4 43. Qe2 Qg6 44. Kh1 f3 0-1

[Event "RC-2017-0-00210"]
[Site "LSS email"]
[Date "2017.08.02"]
[Round "?"]
[White "Acarer, Demir"]
[Black "Grillo, Roberto"]
[Result "1/2-1/2"]
[WhiteElo "1720"]
[BlackElo "1742"]
[PlyCount "143"]
[EventDate "2017.03.12"]
[EventType "tourn (corr)"]
[EventRounds "6"]
[EventCountry "GER"]
[SourceTitle "Corr 2022"]
[Source "ChessBase"]
[SourceDate "2021.10.24"]
[SourceVersion "1"]
[SourceVersionDate "2021.10.24"]
[SourceQuality "1"]

1. e4 c5 2. Nf3 d6 3. d4 cxd4 4. Bb5+ Bd7 5. Bxd7+ Qxd7 6. Qxd4 Nc6 7. Qd3 g6 8. 0-0 Bg7 9. h3 Nf6 10. Nc3 0-0 11. Rd1 Rfd8 12. Bg5 h6 13. Be3 Rac8 14. Rab1 g5 15. Nd4 Ne5 16. Qe2 Nc4 17. h4 Nxe3 18. Qxe3 gxh4 19. Nf5 Rc5 20. Rd3 Nxe4 21. Nd5 e6 22. Qxe4 exf5 23. Qxh4 Re8 24. Nf6+ Bxf6 25. Qxf6 Qe6 26. Rg3+ Kf8 27. Qg7+ Ke7 28. Rb3 b6 29. Ra3 a5 30. b4 Rb5 31. c4 Qxc4 32. Rc3 Qe6 33. Rbc1 axb4 34. Rc7+ Kd8 35. Rxf7 Rc5 36. Rd1 Re7 37. Rxe7 Qxe7 38. Qd4 Kc7 39. Qxb4 Qe6 40. Rb1 Rc6 41. a4 Qd5 42. Qb2 Kb7 43. Qg7+ Ka6 44. Qxh6 Qd3 45. Ra1 Qd4 46. Rf1 Qe4 47. Qf8 Kb7 48. Rd1 Qxa4 49. Qf7+ Ka6 50. Qd5 f4 51. Qf3 Ka7 52. Qd5 Ka6 53. Rb1 Qc4 54. Ra1+ Kb7 55. Qf5 Qd4 56. Qf7+ Rc7 57. Qa2 Kc6 58. Qa6 d5 59. Re1 Kd7 60. Qe2 Rc4 61. Qe8+ Kc7 62. Re7+ Kd6 63. Qf8 Kc6 64. Qe8+ Kc5 65. Re1 Rb4 66. Qe7+ Kb5 67. Qe8+ Ka6 68. Qc8+ Kb5 69. Qd7+ Ka6 70. Qc8+ Kb5 71. Qd7+ Ka6 72. Qc8+ 1/2-1/2

[Event "ZI-2016-0-02250"]
[Site "LSS email"]
[Date "2016.12.26"]
[Round "?"]
[White "Acarer, Demir"]
[Black "Plankert, Hans"]
[Result "1/2-1/2"]
[WhiteElo "1730"]
[BlackElo "1869"]
[PlyCount "144"]
[EventDate "2016.12.03"]
[EventType "match (corr)"]
[EventRounds "2"]
[EventCountry "GER"]
[SourceTitle "Corr 2022"]
[Source "ChessBase"]
[SourceDate "2021.10.24"]
[SourceVersion "1"]
[SourceVersionDate "2021.10.24"]
[SourceQuality "1"]

1. e4 c5 2. Nf3 d6 3. d4 cxd4 4. Nxd4 Nf6 5. Nc3 a6 6. Be2 e6 7. 0-0 Be7 8. Be3 Nc6 9. f4 Qc7 10. Qe1 0-0 11. Rd1 Bd7 12. Qg3 Kh8 13. Nf3 Nb4 14. Ne1 Rae8 15. a3 Nc6 16. Nf3 e5 17. f5 Nb8 18. Nd2 Bc6 19. Qh3 d5 20. exd5 Nxd5 21. Nxd5 Bxd5 22. c4 Bc6 23. b4 Rd8 24. b5 Bd7 25. Qg3 f6 26. Qf2 Be8 27. a4 Nd7 28. Ne4 g6 29. Nc3 Qc8 30. Bd3 g5 31. Be2 Bf7 32. Ne4 axb5 33. axb5 b6 34. Nd6 Qb8 35. Nxf7+ Rxf7 36. h4 h6 37. Bh5 Rg7 38. Rd5 Nc5 39. Rxd8+ Qxd8 40. Rd1 Qc7 41. Bg6 Bf8 42. Qf3 Rd7 43. Rxd7 Qxd7 44. hxg5 hxg5 45. g3 Kg8 46. Bf2 Na4 47. Qa8 Nc5 48. Kg2 Kg7 49. Qb8 Na4 50. Qa8 Nc5 51. Qf3 Kg8 52. Kg1 Na4 53. Bh5 Kg7 54. Qa8 Bc5 55. Qxa4 Bxf2+ 56. Kxf2 Qxf5+ 57. Kg1 g4 58. c5 Qxh5 59. c6 Qg5 60. Qa7+ Kg6 61. Qxb6 Qc1+ 62. Kg2 Qc4 63. Qf2 f5 64. Qd2 e4 65. Qd6+ Kh5 66. Kf2 Qc2+ 67. Ke3 Qb3+ 68. Kf4 Qf3+ 69. Ke5 Qxg3+ 70. Ke6 Qxd6+ 71. Kxd6 e3 72. c7 e2 1/2-1/2

[Event "ZI-2016-0-02221"]
[Site "LSS email"]
[Date "2016.10.15"]
[Round "?"]
[White "Milde, Lars"]
[Black "Acarer, Demir"]
[Result "1-0"]
[WhiteElo "2140"]
[BlackElo "1711"]
[PlyCount "117"]
[EventDate "2016.10.07"]
[EventType "match (corr)"]
[EventRounds "2"]
[EventCountry "GER"]
[SourceTitle "Corr 2022"]
[Source "ChessBase"]
[SourceDate "2021.10.24"]
[SourceVersion "1"]
[SourceVersionDate "2021.10.24"]
[SourceQuality "1"]

1. e4 e5 2. f4 exf4 3. Bc4 d5 4. Bxd5 Qh4+ 5. Kf1 Qh6 6. Nc3 Nf6 7. d4 Na6 8. Bc4 c6 9. Qf3 g5 10. h4 Nb4 11. Qf2 Ng4 12. Qe2 Be7 13. a3 Na6 14. Qf3 0-0 15. Nge2 b5 16. Ba2 b4 17. Nd1 bxa3 18. Kg1 gxh4 19. Bxf4 Qg7 20. c3 Be6 21. b4 Nb8 22. Ne3 Nxe3 23. Qxe3 Re8 24. Bxe6 fxe6 25. Rxa3 Nd7 26. Ra5 Kh8 27. Qf3 Bd8 28. Rh5 a5 29. Bh6 Qg8 30. bxa5 e5 31. Kh2 Qg6 32. Be3 Rxa5 33. Rf1 Nf6 34. Rxh4 Rg8 35. Kh3 Qe8 36. Ng3 Rg6 37. dxe5 Qe6+ 38. Nf5 Nd7 39. Rh6 Nxe5 40. Qh5 Rxh6 41. Qxh6 Qxh6+ 42. Bxh6 Nf7 43. Bf4 Bf6 44. c4 Ne5 45. Bxe5 Rxe5 46. Ng3 Kg7 47. Rf5 Kg6 48. Kg4 h6 49. Kf4 Re8 50. Ne2 Ra8 51. Kg4 Bg5 52. Nf4+ Bxf4 53. Kxf4 Ra2 54. g3 h5 55. Rg5+ Kh6 56. Rc5 Rf2+ 57. Ke5 Rf3 58. Rxc6+ Kg7 59. c5 1-0

[Event "ZI-2016-0-02143"]
[Site "LSS email"]
[Date "2016.04.08"]
[Round "?"]
[White "Acarer, Demir"]
[Black "Korinek, Jaroslav"]
[Result "1/2-1/2"]
[WhiteElo "1672"]
[BlackElo "1974"]
[PlyCount "113"]
[EventDate "2016.03.28"]
[EventType "match (corr)"]
[EventRounds "2"]
[EventCountry "GER"]
[SourceTitle "Corr 2022"]
[Source "ChessBase"]
[SourceDate "2021.10.24"]
[SourceVersion "1"]
[SourceVersionDate "2021.10.24"]
[SourceQuality "1"]

1. e4 e5 2. Nf3 Nc6 3. Bb5 a6 4. Bxc6 dxc6 5. 0-0 Bg4 6. h3 Bh5 7. g4 Bg6 8. Nxe5 Qh4 9. Qf3 f6 10. Nxg6 hxg6 11. d4 0-0-0 12. Be3 g5 13. Nd2 Qxh3 14. Qxh3 Rxh3 15. Kg2 Rh8 16. Rh1 Nh6 17. Rh5 c5 18. d5 Bd6 19. Rah1 Nf7 20. Nc4 Rxh5 21. Rxh5 Kd7 22. Rh7 Rg8 23. f3 Ne5 24. Nd2 c6 25. Kf2 Ke7 26. b3 b5 27. Nf1 Kf7 28. Ng3 cxd5 29. exd5 Re8 30. Nf5 Bf8 31. Rh1 Rc8 32. Rh7 Rd8 33. d6 Nd7 34. a3 c4 35. b4 Ne5 36. Bc5 Kg8 37. Rh1 Kf7 38. Ke3 g6 39. Ne7 Rd7 40. f4 gxf4+ 41. Kxf4 Ke6 42. Kg3 Rd8 43. Re1 Kd7 44. a4 bxa4 45. g5 Bg7 46. Ra1 Nf7 47. Rxa4 fxg5 48. Rxa6 Be5+ 49. Kg4 Bxd6 50. Nxg6 Ke6 51. c3 Kf6 52. Kh5 Kf5 53. Ra7 Ne5 54. Bxd6 Rxd6 55. Nxe5 Kxe5 56. Rc7 Rd3 57. Rxc4 1/2-1/2

[Event "ZI-2015-0-01952"]
[Site "LSS email"]
[Date "2015.03.24"]
[Round "?"]
[White "Sandocal, Uzmir"]
[Black "Acarer, Demir"]
[Result "0-1"]
[WhiteElo "1798"]
[BlackElo "1633"]
[PlyCount "140"]
[EventDate "2015.03.14"]
[EventType "match (corr)"]
[EventRounds "2"]
[EventCountry "GER"]
[SourceTitle "Corr 2022"]
[Source "ChessBase"]
[SourceDate "2021.10.24"]
[SourceVersion "1"]
[SourceVersionDate "2021.10.24"]
[SourceQuality "1"]

1. e4 e5 2. Nf3 Nc6 3. Bb5 a6 4. Bxc6 dxc6 5. 0-0 f6 6. d4 exd4 7. Nxd4 c5 8. Nb3 Qxd1 9. Rxd1 Be6 10. Bf4 c4 11. Nd4 0-0-0 12. Nc3 Bf7 13. a3 Ne7 14. Rd2 g6 15. Be3 Bg7 16. Rad1 Rhe8 17. f4 b6 18. h3 Kb7 19. a4 Rd7 20. Kf2 Bf8 21. a5 b5 22. g4 Nc8 23. Nde2 Rxd2 24. Rxd2 Bb4 25. Rd7 Ne7 26. f5 Bg8 27. Rd1 Bxa5 28. Bd4 Bb6 29. Bxb6 Kxb6 30. Kg3 Bf7 31. fxg6 Bxg6 32. h4 Kb7 33. Nf4 Bf7 34. Kf3 Rg8 35. Ke3 Nc6 36. Rg1 Ne5 37. g5 fxg5 38. hxg5 c6 39. Nfe2 Bg6 40. Nf4 Re8 41. Re1 a5 42. Rd1 Kc7 43. Ra1 a4 44. Re1 Nd7 45. Kd4 Kd6 46. Rd1 Nc5 47. Nxg6 hxg6 48. Ke3+ Kc7 49. Ra1 Kb6 50. Kf3 Rh8 51. Kg3 Rh5 52. Re1 b4 53. Nb1 Rxg5+ 54. Kf3 Rh5 55. Kg3 Kb5 56. e5 Ne6 57. Nd2 c5 58. Nf3 c3 59. bxc3 Kc4 60. Re3 a3 61. Nd2+ Kb5 62. Re1 Rg5+ 63. Kf2 Rf5+ 64. Kg3 Rh5 65. Kg2 Ka4 66. Kg3 Rg5+ 67. Kf2 Rf5+ 68. Kg3 a2 69. Ra1 b3 70. Nxb3 Ka3 0-1

[Event "ZI-2014-0-01905"]
[Site "LSS email"]
[Date "2014.12.01"]
[Round "?"]
[White "Acarer, Demir"]
[Black "Cvak, Rudolf"]
[Result "1/2-1/2"]
[WhiteElo "1678"]
[BlackElo "1733"]
[PlyCount "46"]
[EventDate "2014.11.16"]
[EventType "match (corr)"]
[EventRounds "2"]
[EventCountry "GER"]
[SourceTitle "Corr 2015"]
[Source "ChessBase"]
[SourceDate "2015.07.17"]
[SourceVersion "1"]
[SourceVersionDate "2015.07.17"]
[SourceQuality "1"]

1. e4 c5 2. Nf3 d6 3. Bc4 Nc6 4. d4 cxd4 5. Nxd4 Nf6 6. Nc3 e6 7. Be3 Bd7 8. 0-0 Be7 9. f4 0-0 10. Bb3 a6 11. Qf3 b5 12. a3 Qc7 13. f5 Kh8 14. fxe6 Nxd4 15. Bxd4 fxe6 16. Qe2 Rad8 17. h3 Qb7 18. Rad1 a5 19. e5 dxe5 20. Qxe5 Bc6 21. Rf2 b4 22. axb4 axb4 23. Ne2 Bd5 1/2-1/2

[Event "ZI-2014-0-01882"]
[Site "LSS email"]
[Date "2014.09.30"]
[Round "?"]
[White "Ter Steeg, Ronald"]
[Black "Acarer, Demir"]
[Result "1-0"]
[WhiteElo "1679"]
[BlackElo "1677"]
[PlyCount "71"]
[EventDate "2014.09.24"]
[EventType "match (corr)"]
[EventRounds "2"]
[EventCountry "GER"]
[SourceTitle "Corr 2015"]
[Source "ChessBase"]
[SourceDate "2015.07.17"]
[SourceVersion "1"]
[SourceVersionDate "2015.07.17"]
[SourceQuality "1"]

1. d4 d5 2. c4 Nf6 3. cxd5 c6 4. dxc6 Nxc6 5. Nf3 e5 6. e3 exd4 7. Nxd4 Bc5 8. Nxc6 Qxd1+ 9. Kxd1 bxc6 10. f3 0-0 11. e4 Be6 12. Nc3 Nd7 13. Kc2 Ne5 14. Bf4 f6 15. Rd1 Rab8 16. b3 a5 17. Na4 Ba3 18. Ba6 Rfe8 19. h4 h5 20. Be3 Bb4 21. Bd4 Bf7 22. Kb1 Kh7 23. Bc5 Bg6 24. Rd4 Nf7 25. a3 Bxc5 26. Nxc5 f5 27. exf5 Bxf5+ 28. Kb2 Rbd8 29. Rhd1 Rxd4 30. Rxd4 Re1 31. Nb7 Rb1+ 32. Ka2 Rg1 33. Rd2 Kh6 34. Nxa5 Bb1+ 35. Kb2 Ne5 36. Be2 1-0

[Event "RC-2014-0-00155"]
[Site "LSS email"]
[Date "2014.08.06"]
[Round "?"]
[White "Schulz, Hans Juergen"]
[Black "Acarer, Demir"]
[Result "1/2-1/2"]
[WhiteElo "1650"]
[BlackElo "1677"]
[PlyCount "133"]
[EventDate "2014.06.11"]
[EventType "tourn (corr)"]
[EventRounds "6"]
[EventCountry "GER"]
[SourceTitle "Corr 2015"]
[Source "ChessBase"]
[SourceDate "2015.07.17"]
[SourceVersion "1"]
[SourceVersionDate "2015.07.17"]
[SourceQuality "1"]

1. e4 e5 2. Nf3 Nc6 3. Bb5 Nf6 4. 0-0 Bd6 5. d4 Qe7 6. d5 Na5 7. Bd3 b6 8. Nh4 g6 9. Nc3 Nxd5 10. Nxd5 Qxh4 11. g3 Qd8 12. Qf3 h5 13. b4 c6 14. Qf6 Qxf6 15. Nxf6+ Ke7 16. Bg5 Nb7 17. Rad1 Kd8 18. f4 Kc7 19. Bc4 a5 20. bxa5 Rxa5 21. Bxf7 exf4 22. gxf4 Bc5+ 23. Kh1 d6 24. h4 Ra3 25. Bxg6 Rxa2 26. e5 dxe5 27. fxe5 Bh3 28. Rfe1 Be6 29. Kg2 Bb4 30. Re2 Bc4 31. Rd7+ Kb8 32. Bf7 Bxf7 33. Rxf7 Nd8 34. Nd7+ Kc7 35. Bxd8+ Kxd8 36. Nf6 Bc3 37. Kf3 Kc8 38. Nd7 b5 39. e6 Re8 40. Rh7 Ra1 41. Rxh5 Rf1+ 42. Kg2 Rf4 43. Kh3 Rf3+ 44. Kh2 Kc7 45. Kg2 Rf4 46. Kh3 Rf3+ 47. Kg4 Rf1 48. Nc5 Bd4 49. Nd3 Rg1+ 50. Kh3 Rh1+ 51. Kg2 Rg1+ 52. Kh2 Reg8 53. Rg5 R1xg5 54. hxg5 Kd8 55. Nb4 Bc5 56. Nxc6+ Kc7 57. Ne5 Rxg5 58. Nf7 Rg8 59. Kh3 b4 60. Kh4 Be7+ 61. Kh5 Kc6 62. Ne5+ Kd6 63. Ng6 Bf6 64. Nf4 Rg5+ 65. Kh6 Rg8 66. Re1 Rg4 67. Nd3 1/2-1/2

[Event "RC-2014-0-00155"]
[Site "LSS email"]
[Date "2014.07.30"]
[Round "?"]
[White "Acarer, Demir"]
[Black "Le Duigou, Jean Guy"]
[Result "1/2-1/2"]
[WhiteElo "1677"]
[BlackElo "1696"]
[PlyCount "62"]
[EventDate "2014.06.11"]
[EventType "tourn (corr)"]
[EventRounds "6"]
[EventCountry "GER"]
[SourceTitle "Corr 2015"]
[Source "ChessBase"]
[SourceDate "2015.07.17"]
[SourceVersion "1"]
[SourceVersionDate "2015.07.17"]
[SourceQuality "1"]

1. e4 g6 2. d4 Bg7 3. Nf3 d6 4. Be2 Nf6 5. Nc3 0-0 6. 0-0 c6 7. h3 Nbd7 8. Be3 Qc7 9. Qd2 b5 10. a3 a6 11. Bh6 c5 12. Bxg7 Kxg7 13. d5 Bb7 14. Rfe1 Rfe8 15. Rad1 h6 16. Nh2 b4 17. axb4 cxb4 18. Na4 Rab8 19. Ng4 Nxg4 20. Bxg4 Nf6 21. Ra1 Nxg4 22. hxg4 Bc8 23. Qd4+ f6 24. f3 Bd7 25. Rec1 Rec8 26. b3 Bxa4 27. Rxa4 a5 28. c4 bxc3 29. Rc4 Qb7 30. Rxc8 Rxc8 31. Rxc3 Rxc3 1/2-1/2